| 000 | 00604cam a2200217 4500 | ||
|---|---|---|---|
| 001 | D15768 | ||
| 008 | 090401t1982 xxu||||| |||| 00| 0 eng d | ||
| 035 | _a(Sirsi) u25052 | ||
| 041 | _aeng | ||
| 050 | _a692.209421 | ||
| 090 | _aRICS 1982/20ABC | ||
| 110 |
_aRoyal Institution of Chartered Surveyors _bBuilding Surveyors Division _94964 |
||
| 245 | _aParty wall legislation and procedure | ||
| 260 |
_aLondon _bSurveyors Publications _c1982 |
||
| 300 | _a36p. 30cm | ||
| 350 | _a0 | ||
| 520 | _aFiled in box RICS 1982/20 ABC | ||
| 650 |
_aParty walls _96258 |
||
| 942 | _n0 | ||
| 948 | _c04/03/1997 | ||
| 999 |
_c88665 _d88665 |
||